[Event "Alma-Ata m1"]
[Site "Alma Ata KAZ"]
[Date "1995.??.??"]
[Round "?"]
[White "Salov, Valery B"]
[Black "Karpov, Anatoly"]
[Result "0-1"]
[WhiteElo "2715"]
[BlackElo "2765"]
[PlyCount "80"]
[EventDate "1995.??.??"]
[Source "www.chesslib.no"]
[SourceDate "2004.05.04"]

1. d4 Nf6 2. Nf3 e6 3. Bg5 h6 4. Bh4 c5 5. e3 cxd4 6. exd4 b6 7. c3 Ba6 8. Bxa6 Nxa6 9. Nbd2 Be7 10. O-O O-O 11. Re1 Nc7 12. a4 d6 13. Ne4 Nxe4 14. Bxe7 Qxe7 15. Rxe4 Qd7 16. Qb3 Rfb8 17. Rae1 b5 18. axb5 Rxb5 19. Qa2 a5 20. R4e2 Qc6 21. Qa4 Qb7 22. Qc4 Nd5 23. Qa2 Nf4 24. Rd2 a4 25. h4 Rf5 26. Re3 Raa5 27. g3 Nd5 28. Red3 Nf6 29. Ne1 Qe4 30. Re3 Qg4 31. Ng2 Qh3 32. Nf4 Rxf4 33. gxf4 Qxh4 34. Qc4 Ng4 35. Rg3 Rf5 36. Qc8+ Kh7 37. Qd7 Rxf4 38. Qxd6 Qh2+ 39. Kf1 Rxf2+ 40. Ke1 Qh1+ 0-1

[Event "Linares"]
[Site "?"]
[Date "1995.??.??"]
[Round "?"]
[White "Sokolov, I."]
[Black "Karpov, An"]
[Result "0-1"]
[WhiteElo "2645"]
[BlackElo "2765"]
[PlyCount "90"]
[EventDate "1995.??.??"]
[Source "ChessBase"]
[SourceDate "1995.02.01"]

1. d4 Nf6 2. Nf3 e6 3. Bg5 h6 4. Bh4 c5 5. e3 cxd4 6. exd4 Be7 7. Bd3 O-O 8. c3 b6 9. Qe2 Bb7 10. Nbd2 Nc6 11. Bxf6 Bxf6 12. O-O-O g6 13. h4 Bg7 14. Kb1 Ne7 15. Ne4 Nd5 16. Qd2 d6 17. Bc2 Rc8 18. Rde1 Re8 19. Rh3 b5 20. h5 f5 21. hxg6 fxe4 22. Bxe4 Qf6 23. Nh2 b4 24. Ng4 Qg5 25. Qxg5 hxg5 26. Nh6+ Bxh6 27. Rxh6 Bc6 28. Rh7 a5 29. c4 Nf4 30. Bxc6 Rxc6 31. b3 d5 32. cxd5 Nxd5 33. Reh1 Rec8 34. g4 R8c7 35. Rh8+ Kg7 36. R1h7+ Kf6 37. Rh1 Nf4 38. Rf8+ Kxg6 39. Rfh8 Kf6 40. Rf8+ Kg7 41. Rfh8 Ng6 42. Ra8 Rf7 43. Rxa5 Rf4 44. Rd1 Kf6 45. Rb5 Ne7 0-1

[Event "London (m/7)"]
[Site "?"]
[Date "1989.??.??"]
[Round "?"]
[White "Yusupov, A."]
[Black "Karpov, An"]
[Result "1/2-1/2"]
[WhiteElo "2610"]
[BlackElo "2755"]
[PlyCount "121"]
[EventDate "1989.??.??"]
[Source "ChessBase"]
[SourceDate "1989.07.01"]

1. d4 Nf6 2. Nf3 e6 3. Bg5 c5 4. e3 Be7 5. dxc5 Bxc5 6. c4 Bb4+ 7. Nbd2 b6 8. Bd3 Nc6 9. O-O Be7 10. Rc1 Bb7 11. Qe2 O-O 12. Rfd1 Qc7 13. Bf4 d6 14. h3 Rac8 15. a3 Rfd8 16. Bh2 Qb8 17. Nb1 Nd7 18. Nc3 Nce5 19. Nxe5 Nxe5 20. b3 Qa8 21. e4 Nxd3 22. Qxd3 b5 23. Bf4 bxc4 24. bxc4 Bf6 25. f3 Bxc3 26. Rxc3 e5 27. Be3 Ba6 28. Qc2 h6 29. c5 Qc6 30. Rd5 dxc5 31. Rdxc5 Qe8 32. Rxc8 Rxc8 33. Bxa7 Rxc3 34. Qxc3 f6 35. Qb3+ Qf7 36. Qxf7+ Kxf7 37. a4 Ke6 38. Bc5 h5 39. Kf2 g6 40. a5 Kd7 41. h4 f5 42. exf5 gxf5 43. g3 Kc6 44. Bb4 Kd5 45. Ke3 Bc4 46. Be1 Kc6 47. Bc3 Kd6 48. Bb2 Kd5 49. Ba3 Kc6 50. Be7 Kd7 51. Bf6 Ke6 52. Bd8 Kd7 53. Bb6 Kc6 54. Kd2 Bd5 55. Ke2 Bc4+ 56. Ke3 Kd6 57. Ba7 Kc7 58. Bc5 Kc6 59. Bf8 Kc7 60. Bg7 Kd6 61. Kd2 1/2-1/2

[Event "FIDE Wch/9."]
[Site "?"]
[Date "1993.??.??"]
[Round "?"]
[White "Timman, Jan H"]
[Black "Karpov, Anatoly"]
[Result "1/2-1/2"]
[WhiteElo "2635"]
[BlackElo "2725"]
[PlyCount "97"]
[EventDate "1993.??.??"]
[Source "www.chesslib.no"]
[SourceDate "2004.05.04"]

1. Nf3 Nf6 2. d4 e6 3. Bg5 h6 4. Bxf6 Qxf6 5. e4 d6 6. Nc3 g5 7. e5 Qe7 8. Bb5+ Bd7 9. O-O d5 10. Bd3 Nc6 11. Nb5 O-O-O 12. c3 h5 13. a4 Kb8 14. b4 Bg7 15. Na3 Rde8 16. Qe2 g4 17. Nd2 f6 18. exf6 Bxf6 19. b5 Na5 20. f4 Qg7 21. Nc2 Be7 22. Ne3 g3 23. h3 Bd6 24. f5 Rh6 25. Rae1 a6 26. Nf3 Rc8 27. Qd2 Rd8 28. bxa6 b6 29. Ne5 Bc8 30. fxe6 Rxe6 31. Nf5 Qg8 32. Nh6 Qg7 33. Nf5 Qg8 34. Nh6 Qg7 35. Nhf7 Rf8 36. Nxd6 Rxd6 37. Rxf8 Qxf8 38. Rf1 Rf6 39. Qe3 h4 40. Nf3 Nc4 41. Qg5 Bxa6 42. a5 Qh6 43. Qxh6 Rxh6 44. axb6 cxb6 45. Ne5 b5 46. Rf8+ Ka7 47. Kf1 Na3 48. Ke2 Re6 49. Rf3 1/2-1/2

[Event "Amsterdam Wch"]
[Site "?"]
[Date "1993.??.??"]
[Round "9"]
[White "Timman, Jan H"]
[Black "Karpov, Anatoly"]
[Result "1/2-1/2"]
[WhiteElo "2635"]
[BlackElo "2725"]
[PlyCount "97"]
[EventDate "1993.??.??"]
[Source "www.chesslib.no"]
[SourceDate "2004.05.04"]

1. Nf3 Nf6 2. d4 e6 3. Bg5 h6 4. Bxf6 Qxf6 5. e4 d6 6. Nc3 g5 7. e5 Qe7 8. Bb5+ Bd7 9. O-O d5 10. Bd3 Nc6 11. Nb5 O-O-O 12. c3 h5 13. a4 Kb8 14. b4 Bg7 15. Na3 Rdf8 16. Qe2 g4 17. Nd2 f6 18. exf6 Bxf6 19. b5 Na5 20. f4 Qg7 21. Nc2 Be7 22. Ne3 g3 23. h3 Bd6 24. f5 Rh6 25. Rae1 a6 26. Nf3 Re8 27. Qd2 Rd8 28. bxa6 b6 29. Ne5 Bc8 30. fxe6 Rxe6 31. Nf5 Qg8 32. Nh6 Qg7 33. Nf5 Qg8 34. Nh6 Qg7 35. Nhf7 Rf8 36. Nxd6 Rxd6 37. Rxf8 Qxf8 38. Rf1 Rf6 39. Qe3 h4 40. Nf3 Nc4 41. Qg5 Bxa6 42. a5 Qh6 43. Qxh6 Rxh6 44. axb6 cxb6 45. Ng5 Bb5 46. Rf8+ Ka7 47. Kf1 Na3 48. Ke2 Rc6 49. Rf3 1/2-1/2

[Event "HB Global Chess Challenge"]
[Site "?"]
[Date "2005.05.21"]
[Round "7.13"]
[White "Georgiev Vladimir"]
[Black "Ibragimov Ildar"]
[Result "0-1"]
[WhiteElo "2635"]
[BlackElo "2701"]
[PlyCount "62"]
[EventDate "2005.??.??"]
[Source "www.chesslib.no"]
[SourceDate "2004.05.04"]

1. d4 e6 2. Nf3 Nf6 3. Bg5 h6 4. Bh4 b6 5. Nbd2 Bb7 6. e3 Be7 7. Bd3 c5 8. O-O cxd4 9. Bxf6 Bxf6 10. exd4 O-O 11. c3 d6 12. Ne4 Be7 13. Bc2 Nd7 14. Qd3 g6 15. Rfe1 Nf6 16. Nfd2 Nh5 17. Qe3 Kh7 18. a4 f5 19. g4 fxg4 20. Bd1 d5 21. Ng3 Bg5 22. Qe5 Nxg3 23. hxg3 Bxd2 24. Re2 Bg5 25. Qxe6 Qf6 26. a5 h5 27. Bc2 Ba6 28. Qxf6 Rxf6 29. Re7+ Kh6 30. axb6 Rxb6 31. Rd7 Bc4 0-1

[Event "Baden_Baden"]
[Site "?"]
[Date "1992.??.??"]
[Round "?"]
[White "Yusupov, A."]
[Black "Huebner, R."]
[Result "1/2-1/2"]
[WhiteElo "2640"]
[BlackElo "2630"]
[PlyCount "29"]
[EventDate "1992.??.??"]
[Source "ChessBase"]
[SourceDate "1992.10.01"]

1. d4 Nf6 2. Nf3 e6 3. Bg5 c5 4. e3 Be7 5. dxc5 Na6 6. Bxa6 Qa5+ 7. Nbd2 bxa6 8. c6 d6 9. c4 Qc7 10. Qa4 Rb8 11. c5 dxc5 12. Bf4 Bd6 13. Bxd6 Qxd6 14. Nc4 Qc7 15. Nfe5 1/2-1/2

[Event "Chess Classics Masters"]
[Site "Frankfurt"]
[Date "1998.06.19"]
[Round "14"]
[White "Jussupow, Artur"]
[Black "Timman, Jan H"]
[Result "1/2-1/2"]
[WhiteElo "2630"]
[BlackElo "2635"]
[PlyCount "110"]
[EventDate "1998.06.17"]
[Source "ChessBase"]
[SourceDate "1998.09.09"]

1. d4 Nf6 2. Nf3 e6 3. Bg5 c5 4. e3 Be7 5. dxc5 Qa5+ 6. Nbd2 Qxc5 7. c4 b6 8. Bd3 Bb7 9. O-O d6 10. Bxf6 gxf6 11. Be4 Qc7 12. Nd4 Nc6 13. Qh5 Qd7 14. Rfe1 f5 15. Bf3 Bf6 16. Rad1 Rg8 17. g3 Nxd4 18. Bxb7 Qxb7 19. exd4 O-O-O 20. d5 Qd7 21. Qf3 e5 22. b4 Rg4 23. c5 dxc5 24. bxc5 bxc5 25. d6 Kb8 26. Nb3 e4 27. Qe2 Rc8 28. Rd5 Bd4 29. Nxd4 cxd4 30. Rxd4 Rgg8 31. Rb1+ Ka8 32. Qa6 Rb8 33. Rdb4 Rxb4 34. Rxb4 Rb8 35. Rc4 Qb7 36. Qxb7+ Kxb7 37. Rc7+ Kb6 38. Rxf7 Rd8 39. d7 h5 40. Kg2 a5 41. a4 Kc5 42. Rxf5+ Kb4 43. Re5 Kxa4 44. Rxe4+ Kb3 45. Re5 a4 46. Rxh5 Rxd7 47. Ra5 a3 48. h4 Kb4 49. Ra8 Rd5 50. g4 Ra5 51. Rb8+ Kc3 52. Rc8+ Kd2 53. Rd8+ Kc2 54. Rc8+ Kd2 55. Rd8+ Kc2 1/2-1/2

[Event "PCA/Intel-GP"]
[Site "London"]
[Date "1995.??.??"]
[Round "3"]
[White "Miles, Anthony J"]
[Black "Adams, Michael"]
[Result "0-1"]
[WhiteElo "2600"]
[BlackElo "2660"]
[PlyCount "96"]
[EventDate "1995.08.??"]
[Source "ChessBase"]

1. d4 Nf6 2. Nf3 e6 3. Bg5 h6 4. Bh4 Be7 5. e3 b6 6. Nbd2 Bb7 7. Bd3 c5 8. O-O O-O 9. c3 d5 10. Ne5 Nbd7 11. f4 Ne4 12. Bxe7 Qxe7 13. Bxe4 dxe4 14. Nxd7 Qxd7 15. dxc5 bxc5 16. Nc4 Qb5 17. Nd6 Qa6 18. Rf2 Bd5 19. Nf5 Bc4 20. Ng3 f5 21. b3 Bd3 22. c4 Rad8 23. Qh5 Qa5 24. Rd1 Qc3 25. Rfd2 Rd7 26. Nh1 a5 27. Qg6 Re7 28. Qg3 a4 29. Qe1 axb3 30. Rc1 Qb4 31. axb3 Qxb3 32. Nf2 Rd7 33. g4 Rfd8 34. gxf5 exf5 35. Nh1 Bxc4 36. Rxd7 Rxd7 37. Ng3 Be6 38. Kg2 Qb2+ 39. Kh3 Rd2 40. Nf1 Rd5 41. Rb1 Qf6 42. Ng3 c4 43. Rb7 Rd7 44. Rb6 Kh7 45. Rc6 Rd3 46. Rc7 Qg6 47. Qe2 c3 48. Nf1 Bb3 0-1

[Event "Corr"]
[Site "?"]
[Date "1998.??.??"]
[Round "?"]
[White "Boissel Brice"]
[Black "Bachmann Andreas"]
[Result "1/2-1/2"]
[WhiteElo "2621"]
[BlackElo "2635"]
[PlyCount "63"]
[EventDate "1998.??.??"]
[Source "www.chesslib.no"]
[SourceDate "2004.05.04"]

1. d4 Nf6 2. Bg5 e6 3. Nf3 h6 4. Bxf6 Qxf6 5. e4 d6 6. Nc3 Nd7 7. Qd2 a6 8. a4 b6 9. Bc4 Bb7 10. O-O g6 11. Rad1 Bg7 12. Rfe1 O-O 13. e5 Qd8 14. Qe3 Bxf3 15. Qxf3 d5 16. Bf1 c5 17. Qd3 g5 18. g3 g4 19. Re3 Qc7 20. Rde1 Rfc8 21. Bg2 Ra7 22. Rf1 h5 23. h3 cxd4 24. Qxd4 Qc5 25. Ne2 Qxd4 26. Nxd4 Nc5 27. hxg4 hxg4 28. Re2 Ne4 29. Rd1 Bxe5 30. c4 Bxd4 31. Rxd4 Nf6 32. cxd5 1/2-1/2

[Event "Munchen"]
[Site "?"]
[Date "1992.??.??"]
[Round "?"]
[White "Hansen, Cu"]
[Black "Gurevich, M."]
[Result "0-1"]
[WhiteElo "2620"]
[BlackElo "2635"]
[PlyCount "132"]
[EventDate "1992.??.??"]
[Source "ChessBase"]
[SourceDate "1992.02.01"]

1. d4 Nf6 2. Nf3 e6 3. Bg5 c5 4. e3 Be7 5. Bd3 O-O 6. O-O h6 7. Bh4 b6 8. Nbd2 Bb7 9. c3 cxd4 10. cxd4 Nc6 11. a3 d6 12. e4 Nh5 13. d5 Nb8 14. Bxe7 Qxe7 15. dxe6 fxe6 16. e5 Nd7 17. exd6 Qxd6 18. Be4 Bd5 19. Nc4 Qc5 20. Bxd5 exd5 21. Ne3 Ndf6 22. Rc1 Qd6 23. Nd4 Rae8 24. g3 Qd7 25. Kg2 Re5 26. Qd3 Ng4 27. Nxg4 Qxg4 28. Kh1 Nf6 29. Nc6 Re6 30. f4 Qe2 31. Qxe2 Rxe2 32. Rfe1 Rfe8 33. Rxe2 Rxe2 34. Ne5 Rxb2 35. Rc8+ Kh7 36. f5 Rf2 37. g4 Re2 38. Ng6 Re8 39. Rxe8 Nxe8 40. Kg2 Nd6 41. Ne7 Nc4 42. a4 d4 43. Kf2 d3 44. h4 a5 45. g5 b5 46. axb5 a4 47. Nd5 a3 48. Nb4 h5 49. Ke1 Kg8 50. Kd1 Kf7 51. Kc1 Ke7 52. Kb1 d2 53. Kc2 Kd6 54. b6 Nxb6 55. Kxd2 Nd5 56. Nc2 a2 57. Na1 Ke5 58. f6 gxf6 59. gxf6 Kxf6 60. Kc2 Kf5 61. Kb3 Kg4 62. Kxa2 Kxh4 63. Nb3 Kg4 64. Nc5 h4 65. Ne4 Nc3+ 66. Nxc3 h3 0-1

[Event "BL 0607 Hamburger SK - SV Wattenscheid"]
[Site "Germania"]
[Date "2007.02.24"]
[Round "10.1"]
[White "Macieja, Bartlomiej"]
[Black "Wojtaszek, Radoslav"]
[Result "0-1"]
[WhiteElo "2622"]
[BlackElo "2630"]
[PlyCount "96"]
[EventDate "2006.10.28"]
[Source "www.chesslib.no"]
[SourceDate "2004.05.04"]

1. d4 Nf6 2. Nf3 e6 3. Bg5 c5 4. c3 b6 5. e4 h6 6. Bxf6 Qxf6 7. Bd3 Bb7 8. O-O Qd8 9. Re1 Be7 10. Bc4 cxd4 11. cxd4 O-O 12. d5 Qc7 13. Qd3 a6 14. Nc3 e5 15. Rac1 d6 16. a4 Nd7 17. b4 Qd8 18. Rc2 g6 19. Nd2 Kg7 20. Nb3 Bg5 21. a5 f5 22. axb6 Qxb6 23. Na5 Qxb4 24. Rb1 Qxa5 25. Rxb7 Rf7 26. exf5 gxf5 27. Ra2 Qc5 28. Na4 Qd4 29. Qxd4 exd4 30. Nb6 Re8 31. g3 Nc5 32. Rxf7+ Kxf7 33. Na4 Re1+ 34. Kg2 Ne4 35. Nb2 Rc1 36. Bd3 Rc3 37. Rxa6 Bc1 38. Rb6 Bxb2 39. Bxe4 fxe4 40. Rxb2 d3 41. Rb1 Kf6 42. Kf1 Ke5 43. Ke1 Rc2 44. g4 Re2+ 45. Kf1 e3 46. fxe3 Rxh2 47. Kg1 Rc2 48. Kf1 Ke4 0-1

[Event "Elista ol (Men)"]
[Site "Elista"]
[Date "1998.10.07"]
[Round "9"]
[White "Yermolinsky, Alex"]
[Black "Lautier, Joel"]
[Result "1/2-1/2"]
[WhiteElo "2625"]
[BlackElo "2625"]
[PlyCount "30"]
[EventDate "1998.09.29"]
[Source "ChessBase"]
[SourceDate "1998.11.06"]

1. d4 Nf6 2. Nf3 e6 3. Bg5 h6 4. Bh4 c5 5. e3 Be7 6. Bd3 b6 7. O-O Bb7 8. c3 O-O 9. Nbd2 d6 10. e4 Nh5 11. Bxe7 Qxe7 12. Re1 Nd7 13. a4 a6 14. Nc4 cxd4 15. cxd4 Nf4 1/2-1/2

[Event "XIX Czech Open Synthesia Rapid"]
[Site "Pardubice CEC"]
[Date "2008.07.17"]
[Round "7"]
[White "Chuprov, D."]
[Black "Najer, E."]
[Result "1/2-1/2"]
[WhiteElo "2577"]
[BlackElo "2670"]
[PlyCount "28"]
[EventDate "2008.07.16"]
[Source "www.chesslib.no"]
[SourceDate "2004.05.04"]

1. d4 Nf6 2. Nf3 e6 3. Bg5 c5 4. e3 h6 5. Bxf6 Qxf6 6. c3 Nc6 7. Bd3 d5 8. Nbd2 cxd4 9. cxd4 Qd8 10. O-O Bd6 11. e4 dxe4 12. Bxe4 O-O 13. Nc4 Be7 14. Nce5 Nxe5 1/2-1/2

[Event "Rubinstein Memorial"]
[Site "Polanica Zdroj POL"]
[Date "1995.??.??"]
[Round "10"]
[White "Ehlvest, Jaan"]
[Black "Topalov, Veselin"]
[Result "1/2-1/2"]
[WhiteElo "2615"]
[BlackElo "2630"]
[PlyCount "20"]
[EventDate "1995.08.??"]
[Source "www.chesslib.no"]
[SourceDate "2004.05.04"]

1. d4 Nf6 2. Nf3 e6 3. Bg5 h6 4. Bxf6 Qxf6 5. e4 d6 6. c3 Nd7 7. Nbd2 g6 8. Bd3 Bg7 9. O-O O-O 10. Re1 b6 1/2-1/2

[Event "Dordrecht FPO"]
[Site "?"]
[Date "1998.??.??"]
[Round "?"]
[White "Timman Jan Hein"]
[Black "Van Wely Loek"]
[Result "0-1"]
[WhiteElo "2635"]
[BlackElo "2605"]
[PlyCount "101"]
[EventDate "1998.??.??"]
[Source "www.chesslib.no"]
[SourceDate "2004.05.04"]

1. d4 Nf6 2. Nf3 e6 3. Bg5 c5 4. e3 h6 5. Bxf6 Qxf6 6. Nc3 cxd4 7. exd4 d5 8. Bb5+ Bd7 9. Ne5 Bb4 10. Nxd7 Nxd7 11. Bxd7+ Kxd7 12. O-O Bxc3 13. bxc3 Rhc8 14. Rb1 b6 15. Qd3 Rc4 16. Rb4 Rac8 17. Rxc4 Rxc4 18. f4 Qf5 19. Qd2 Kc6 20. Re1 g6 21. h3 Qf6 22. Rb1 a5 23. Rb3 Qe7 24. Kh2 Kb7 25. Qe1 Qc7 26. Qd2 a4 27. Rb4 Rxc3 28. Rxa4 Rxc2 29. Qe3 g5 30. Ra3 Qxf4+ 31. Qxf4 gxf4 32. Rf3 Rxa2 33. Rxf4 f5 34. Rh4 b5 35. Rxh6 Re2 36. Rh7+ Kc6 37. h4 b4 38. Rh8 Re4 39. h5 Rxd4 40. g3 Rg4 41. h6 Rg6 42. Kg2 Kb7 43. h7 Rh6 44. Re8 Rxh7 45. Rxe6 Rc7 46. Kf3 Rc4 47. Rd6 b3 48. Rxd5 Rb4 49. Rd1 b2 50. Rb1 f4 51. Rf1 0-1

[Event "Dordrecht FPO"]
[Site "?"]
[Date "1998.??.??"]
[Round "?"]
[White "Jussupow Artur"]
[Black "Van Wely Loek"]
[Result "0-1"]
[WhiteElo "2630"]
[BlackElo "2605"]
[PlyCount "104"]
[EventDate "1998.??.??"]
[Source "www.chesslib.no"]
[SourceDate "2004.05.04"]

1. d4 Nf6 2. Nf3 e6 3. Bg5 c5 4. e3 h6 5. Bxf6 Qxf6 6. Nbd2 b6 7. Bd3 Bb7 8. O-O Qd8 9. c3 Be7 10. Ne5 O-O 11. Qh5 d6 12. Ng4 Nd7 13. f4 Nf6 14. Nxh6+ gxh6 15. Qxh6 Re8 16. e4 Bf8 17. Qh4 Bg7 18. e5 cxd4 19. exf6 Qxf6 20. Qh7+ Kf8 21. c4 Ke7 22. Be4 Rh8 23. Bxb7 Rxh7 24. Bxa8 d3 25. Nf3 Qxb2 26. Rad1 Qxa2 27. Be4 Rh5 28. Bxd3 a5 29. f5 a4 30. Rb1 Qa3 31. Rfd1 Qc5+ 32. Kf1 a3 33. Rd2 Bb2 34. Rbxb2 axb2 35. Rxb2 Rxf5 36. Bxf5 Qxf5 37. Rxb6 Qd3+ 38. Kf2 Qxc4 39. Rb2 e5 40. Rd2 f6 41. h4 Qg4 42. g3 Ke6 43. Re2 d5 44. Re3 d4 45. Re2 Kd5 46. Ra2 d3 47. Ra5+ Ke6 48. Ra6+ Kf7 49. Rd6 Qe4 50. Ng1 Ke7 51. Ra6 Qd4+ 52. Kf1 d2 0-1

[Event "Groningen"]
[Site "?"]
[Date "1993.??.??"]
[Round "?"]
[White "Malaniuk, V."]
[Black "Piket, Je"]
[Result "0-1"]
[WhiteElo "2635"]
[BlackElo "2590"]
[PlyCount "60"]
[EventDate "1993.??.??"]
[Source "ChessBase"]
[SourceDate "1993.10.01"]

1. d4 Nf6 2. Nf3 e6 3. Bg5 h6 4. Bh4 c5 5. c3 cxd4 6. cxd4 Qb6 7. Qc2 Nc6 8. e3 d5 9. Nc3 Bd7 10. Be2 Ne4 11. O-O Rc8 12. Rfc1 g5 13. Bg3 Nxg3 14. hxg3 g4 15. Ne1 h5 16. Na4 Qd8 17. Nc5 Bxc5 18. Qxc5 h4 19. Nd3 Qg5 20. Nf4 Qh6 21. Qd6 Ne7 22. Bxg4 hxg3 23. Bh3 gxf2+ 24. Kxf2 Qh4+ 25. g3 Qf6 26. Kg2 Bc6 27. Rc3 Nf5 28. Bxf5 Qxf5 29. Rf1 Qe4+ 30. Rf3 Qb1 0-1

[Event "Palma"]
[Site "Palma de Majorca ESP"]
[Date "1989.??.??"]
[Round "?"]
[White "Sokolov, Ivan"]
[Black "Beliavsky, Alexander G"]
[Result "1-0"]
[WhiteElo "2580"]
[BlackElo "2640"]
[PlyCount "53"]
[EventDate "1989.??.??"]
[Source "www.chesslib.no"]
[SourceDate "2004.05.04"]

1. d4 Nf6 2. Nf3 e6 3. Bg5 c5 4. e3 Qb6 5. Nbd2 Qxb2 6. Bd3 Nc6 7. O-O d5 8. Bxf6 gxf6 9. c4 Nb4 10. Be2 Qa3 11. e4 dxe4 12. Nxe4 Be7 13. Qd2 Bd7 14. Qf4 O-O-O 15. Nxf6 cxd4 16. Nxd4 Bc6 17. Nb5 Qa5 18. Ne4 Bxe4 19. Qxf7 Rd7 20. Qxe6 Bc6 21. Bg4 h5 22. Bh3 Bd8 23. Rad1 Rhh7 24. a3 Nc2 25. Qg6 Rhe7 26. Qxc2 a6 27. Na7+ 1-0

[Event "Jugoslavija"]
[Site "?"]
[Date "1993.??.??"]
[Round "?"]
[White "Malaniuk, V."]
[Black "Beliavsky, A."]
[Result "1-0"]
[WhiteElo "2600"]
[BlackElo "2610"]
[PlyCount "79"]
[EventDate "1993.??.??"]
[Source "ChessBase"]
[SourceDate "1993.02.01"]

1. d4 Nf6 2. Nf3 e6 3. Bg5 Be7 4. Nbd2 d5 5. e3 c5 6. c3 Qb6 7. Rb1 Bd7 8. Ne5 cxd4 9. cxd4 Bb5 10. Bxb5+ Qxb5 11. Qe2 Qxe2+ 12. Kxe2 Nfd7 13. Bxe7 Kxe7 14. Nd3 Nc6 15. Rhc1 f6 16. b4 Rhc8 17. Nb3 Nb6 18. Na5 Nd8 19. Nc5 Rab8 20. Kd3 Na8 21. Ncxb7 Nxb7 22. Rxc8 Rxc8 23. Nxb7 Nb6 24. Nc5 e5 25. f3 Kd6 26. e4 dxe4+ 27. Nxe4+ Kd5 28. dxe5 Kxe5 29. Re1 Rd8+ 30. Kc3 Rc8+ 31. Kb3 f5 32. Nc5+ Kf6 33. a4 Rc7 34. a5 Nc8 35. Ka4 Ne7 36. Kb5 Kf7 37. f4 h6 38. Rd1 Ke8 39. Rd6 Rc8 40. Ka6 1-0

[Event "New York USA"]
[Site "?"]
[Date "2002.10.29"]
[Round "2"]
[White "Lapshun Yury"]
[Black "Yudasin Leonid"]
[Result "1/2-1/2"]
[WhiteElo "2506"]
[BlackElo "2699"]
[PlyCount "87"]
[EventDate "2002.??.??"]
[Source "www.chesslib.no"]
[SourceDate "2004.05.04"]

1. d4 Nf6 2. Nf3 e6 3. Bg5 c5 4. c3 h6 5. Bxf6 Qxf6 6. Nbd2 cxd4 7. cxd4 Nc6 8. e3 b6 9. Be2 Bb7 10. O-O Qd8 11. a3 Be7 12. Rc1 O-O 13. b4 Rc8 14. Qa4 a6 15. Qb3 b5 16. Rfd1 Qb6 17. Qb2 Rc7 18. Rc2 Rfc8 19. Rdc1 Bf8 20. Bd3 d6 21. h3 Ne7 22. Rxc7 Rxc7 23. Rc2 Nd5 24. Nb3 Nf6 25. Nfd2 e5 26. Qc1 Rxc2 27. Qxc2 Be7 28. dxe5 dxe5 29. Ne4 Nxe4 30. Bxe4 g6 31. Na5 Bxe4 32. Qxe4 Qd6 33. g3 Kg7 34. Kg2 Bf6 35. Nb7 Qc7 36. Qd5 Be7 37. Nc5 Bxc5 38. bxc5 Kf6 39. f4 exf4 40. gxf4 Ke7 41. Qe4+ Kd7 42. Qd5+ Ke7 43. Qe4+ Kd7 44. Qd5+ 1/2-1/2

[Event "World Cup"]
[Site "?"]
[Date "1989.08.??"]
[Round "2"]
[White "Seirawan Yasser"]
[Black "Ehlvest Jaan"]
[Result "1/2-1/2"]
[WhiteElo "2585"]
[BlackElo "2620"]
[PlyCount "38"]
[EventDate "1989.??.??"]
[Source "www.chesslib.no"]
[SourceDate "2004.05.04"]

1. d4 Nf6 2. Nf3 e6 3. Bg5 h6 4. Bh4 d6 5. Nbd2 g5 6. Bg3 Nh5 7. e3 Bg7 8. c3 Nd7 9. Be2 Ndf6 10. O-O Qe7 11. e4 Nxg3 12. hxg3 O-O 13. Bd3 b6 14. Qe2 Bb7 15. Ba6 Bc6 16. Bb5 Bb7 17. Ba6 Bc6 18. Bb5 Bb7 19. Ba6 Bc6 1/2-1/2

[Event "ESP-Tch  1a Div"]
[Site "Ciudad Real"]
[Date "2004.08.27"]
[Round "5"]
[White "Macieja, Bartlomiej"]
[Black "Naiditsch, Arkadij"]
[Result "1/2-1/2"]
[WhiteElo "2633"]
[BlackElo "2571"]
[PlyCount "46"]
[EventDate "2004.08.23"]
[Source "Roberto Alvarez"]
[SourceDate "2004.09.06"]

1. d4 Nf6 2. Nf3 e6 3. Bg5 c5 4. c3 cxd4 5. cxd4 Qb6 6. Qc2 Nc6 7. Bxf6 gxf6 8. e3 d5 9. Be2 e5 10. Nc3 e4 11. Nh4 Be6 12. g3 Rc8 13. O-O f5 14. Ng2 Bd6 15. Rfc1 h5 16. h4 f4 17. Nxf4 Bxf4 18. exf4 Nxd4 19. Qd2 Rg8 20. Kg2 Nf5 21. Nxd5 Nxh4+ 22. Kh1 Rd8 23. Bb5+ Kf8 1/2-1/2

[Event "Luzern ol (Men)"]
[Site "Luzern"]
[Date "1982.??.??"]
[Round "14"]
[White "Hort, Vlastimil"]
[Black "Timman, Jan H"]
[Result "1/2-1/2"]
[WhiteElo "2600"]
[BlackElo "2600"]
[PlyCount "68"]
[EventDate "1982.10.??"]
[Source "www.chesslib.no"]
[SourceDate "2004.05.04"]

1. d4 Nf6 2. Nf3 e6 3. Bg5 c5 4. e3 d5 5. c4 cxd4 6. exd4 Be7 7. Nc3 O-O 8. c5 Ne4 9. Bxe7 Qxe7 10. Qc2 Ng5 11. Nxg5 Qxg5 12. Rd1 Nc6 13. Qd2 Qxd2+ 14. Rxd2 b6 15. Bb5 Bd7 16. cxb6 axb6 17. f4 Rfd8 18. f5 exf5 19. Nxd5 Rxa2 20. O-O Ra7 21. Nxb6 Rb7 22. d5 Nb4 23. Bxd7 Rxb6 24. Bxf5 Rxd5 25. Rxd5 Nxd5 26. Rd1 g6 27. Rxd5 gxf5 28. Rd2 Kg7 29. Kf2 Kf6 30. Ke3 Ke5 31. Kd3 f4 32. Re2+ Kd5 33. Rf2 Rh6 34. h3 Rg6 1/2-1/2

[Event "Yerevan ARM"]
[Site "?"]
[Date "1996.09.17"]
[Round "2"]
[White "Jussupow Artur GER"]
[Black "Torre Eugenio"]
[Result "1/2-1/2"]
[WhiteElo "2665"]
[BlackElo "2535"]
[PlyCount "49"]
[EventDate "1996.??.??"]
[Source "www.chesslib.no"]
[SourceDate "2004.05.04"]

1. d4 Nf6 2. Nf3 e6 3. Bg5 c5 4. e3 b6 5. d5 exd5 6. Nc3 Be7 7. Nxd5 O-O 8. Bc4 Bb7 9. c3 a6 10. O-O b5 11. Bxf6 Bxf6 12. Nxf6+ Qxf6 13. Bd5 Nc6 14. a4 Rab8 15. axb5 axb5 16. e4 d6 17. Qd3 b4 18. Rfd1 h6 19. h3 Rfe8 20. Qc4 bxc3 21. bxc3 Ne5 22. Nxe5 Bxd5 23. Qxd5 Rxe5 24. Qxd6 Qxd6 25. Rxd6 1/2-1/2

[Event "8th It"]
[Site "Montreal CAN"]
[Date "2007.07.24"]
[Round "5"]
[White "Harikrishna, P."]
[Black "Bluvshtein, M."]
[Result "1-0"]
[WhiteElo "2664"]
[BlackElo "2520"]
[PlyCount "143"]
[EventDate "2007.07.19"]
[Source "www.chesslib.no"]
[SourceDate "2004.05.04"]

1. d4 Nf6 2. Nf3 e6 3. Bg5 c5 4. e3 h6 5. Bh4 b6 6. Nbd2 Bb7 7. Bd3 Be7 8. c3 O-O 9. a3 cxd4 10. cxd4 d5 11. O-O Ne4 12. Bxe7 Qxe7 13. Rc1 Nxd2 14. Qxd2 Nc6 15. Rc3 Rfc8 16. Rfc1 Qd6 17. Qc2 Ne7 18. Qa4 Rxc3 19. Rxc3 f6 20. Bb1 Kf7 21. h4 a6 22. Qc2 Rc8 23. h5 Rxc3 24. Qxc3 Qc6 25. Qd2 a5 26. Bd3 Nc8 27. Nh4 Nd6 28. Ng6 Ne4 29. Qd1 Qc8 30. Bxe4 dxe4 31. Nf4 Bd5 32. Qg4 Qc6 33. Kh2 b5 34. Qg3 b4 35. axb4 axb4 36. Ng6 Qb6 37. Qf4 Ke8 38. Qg3 Kf7 39. Kg1 b3 40. Kh2 Ba8 41. Nf4 Qc6 42. Qg6+ Kg8 43. Qg4 Kf7 44. Qd1 Qb6 45. Qc1 Bb7 46. Qc4 Ke7 47. Kg1 Kd7 48. Qa4+ Bc6 49. Qa3 Bd5 50. Qf8 Qa5 51. Qxg7+ Kc6 52. Kh2 Qd2 53. Qxh6 Qxb2 54. Kg3 Qd2 55. Qxf6 b2 56. h6 b1=Q 57. h7 Qbe1 58. Nxd5 Kxd5 59. Qf4 e5 60. dxe5 Qh1 61. Qf6 Qxh7 62. Qd6+ Kc4 63. Qxd2 Qg7+ 64. Kf4 Qf7+ 65. Kxe4 Qb7+ 66. Kf4 Qf7+ 67. Kg3 Qg6+ 68. Kf3 Qh5+ 69. g4 Qh3+ 70. Kf4 Qh2+ 71. Kf5 Qh7+ 72. Kg5 1-0

[Event "Biel"]
[Site "Biel"]
[Date "1990.??.??"]
[Round "8"]
[White "Lautier, Joel"]
[Black "Polugaevsky, Lev"]
[Result "1/2-1/2"]
[WhiteElo "2570"]
[BlackElo "2610"]
[PlyCount "32"]
[EventDate "1990.07.??"]
[Source "ChessBase"]

1. d4 Nf6 2. Nf3 e6 3. Bg5 h6 4. Bh4 b6 5. e3 Bb7 6. Bd3 c5 7. c4 cxd4 8. exd4 Be7 9. Nc3 O-O 10. O-O d6 11. Re1 Nbd7 12. a3 Re8 13. Rc1 Rc8 14. Bf1 d5 15. Ne5 dxc4 16. Nxc4 a6 1/2-1/2